Importancia de los dibujos infantiles para las relaciones médico-enfermo (Registro nro. 325332)

Detalles MARC
000 -ENCABEZADO
Número de control [NR] 01868nam a22002897a 4500
005 - FECHA Y HORA DE LA ÚLTIMA TRANSACCIÓN
control field 20250304153834.0
008 - DE LONGITUD FIJA DE DATOS DE ELEMENTOS - INFORMACIÓN GENERAL
Elementos de longitud fija [NR] 250304b1964 sz a|||fr|||| 00| 0 spa d
040 ## - FUENTE DE CATALOGACION [NR]
Quien Cataloga Sandra Yazo
Quien Clasifica Sandra Yazo
041 1# - CODIGO DE IDIOMA [R]
Código de idioma para texto/pista de sonido o título separado [R] Español
082 04 - NUMERO DE CLASIFICACION DECIMAL DEWEY [R]
Número de la edición [NR] 20
Número de clasificación [R] 618.8
092 ## - SIGNATURA TOPOGRAFICA LOCAL
Número de clasificación local FMR 0248
100 1# - ASIENTO PRINCIPAL--NOMBRE PERSONAL [NR]
Nombre personal [NR] Argan, Giulio Carlo
ID Autoridad 74758
245 13 - MENCION DE TITULO [NR]
Título [NR] Importancia de los dibujos infantiles para las relaciones médico-enfermo
Mención de responsabilidad, etc. [NR] Giulio Carlo Argan y Carlo Travensa
Parte restante del título [NR] Selección de pinturas presentadas en el Mostra del Desegno Infantile del II Congreso de Paidopsiquiatria - Roma 1963
260 ## - PUBLICACION, DISTRIBUCION, ETC. (PIE DE IMPRENTA) [R]
Lugar de publicación, distribución, etc. [R] Berna (Suiza)
Nombre del editor, distribuidor, etc. [R] Sandoz
Fecha de publicación, distribución, etc. [R] 1964
300 ## - DESCRIPCION FISICA [R]
Extensión [R] 22 folios
Dimensiones [R] 32 x 24 cm.
490 ## - MENCION DE SERIE [R]
Mención de serie [R] Psicopatología de la expresión. Colección iconográfica internacional
Designación numérica/secuencial del volumen [NR] Serie 4
500 ## - NOTA GENERAL [R]
Nota general [NR] Detalles físicos: Encuadernación flexible, anillado, tapas en cartulina. Texto impreso en dos columnas, algunas notas al pie de página. Ilustraciones en página y descripción al verso. Transferencia al Archivo Histórico en febrero de 2025. Se incluyen unas ilustraciones sobre la Expedición Botánica al inicio que no corresponden con el texto. Tapa con manchas de humedad.
505 0# - NOTA DE CONTENIDO CON FORMATO PREESTABLECIDO [R]
Nota de contenido con formato preestablecido [NR] [Ilustraciones: Aristolochia Cordiflora Mutis ; José Celestino Mútis ; Miguel de Isla ; José Fernández de Madrid, José Triana] ; Presentación importancia de los dibujos infantiles para la relación medico-enfermo / Carlo Traversa ; Lámina 1 - 12 ; Presentación Reflexiones de un crítico de arte sobre la interpretación de los dibujos infantiles / Giulio Carlo Argan
506 ## - NOTA DE RESTRICCIONES DE ACCESO [R]
Condiciones de acceso [NR] Consulta en sala
650 #7 - ASIENTO SECUNDARIO DE MATERIA - TERMINO TEMATICO [R]
9 (RLIN) 22868
Término temático o nombre geográfico como elemento de entrada [NR] Psicopatología infantil
650 #7 - ASIENTO SECUNDARIO DE MATERIA - TERMINO TEMATICO [R]
Término temático o nombre geográfico como elemento de entrada [NR] Dibujo infantil
Subdivisión general [R] Psicología
9 (RLIN) 185058
650 #7 - ASIENTO SECUNDARIO DE MATERIA - TERMINO TEMATICO [R]
9 (RLIN) 17906
Término temático o nombre geográfico como elemento de entrada [NR] Interpretación psicoanalítica
690 ## - ASUNTO AGREGADO LOCAL DE ENTRADA - TÉRMINO TEMÁTICO (OCLC, RLIN)
Acceso temático local Psicología
9 (RLIN) 8001
700 1# - ASIENTO SECUNDARIO - NOMBRE PERSONAL [R]
Nombre personal [NR] Traversa, Carlo
9 (RLIN) 74759
700 1# - ASIENTO SECUNDARIO - NOMBRE PERSONAL [R]
Nombre personal [NR] Bollea, Giovanni
9 (RLIN) 185059
942 ## - ELEMENTOS DE ENTRADA AGREGADOS (KOHA)
Sistema de clasificación LOCAL
Tipo de ítem principal el descrito en 300a Libro
Edición 1
Clasificación FMR 0248
Existencias
Suprimido Perdido Sistema de clasificación Dañado No prestable Tipo de ítem específico Ubicación habitual Ubicación actual Localización Fecha de creación Forma de adquisición Costo Signatura topográfica Código de barras Última vez visto Ejemplar Price effective from Tipo de ítem Nota pública (OPAC)
    LOCAL     Libro archivo Archivo Histórico Archivo Histórico Archivo histórico 04/03/2025 Donación 0.00 Ej.1 100107460 04/03/2025 Ej.1 04/03/2025 Libro TRANSFERENCIA CRAI C14